O incrível rapaz que comia livros (Registo nº 4686)

Detalhes MARC
000 -Etiqueta do registo
Cabeçalho 01024nam 2200265 4500
010 ## - Número internacional normalizado dos livros (ISBN)
Número (ISBN) 978989886870
100 ## - Dados gerais de processamento
Dados gerais de processamento 20251112d2022 c||y0pory50 ba
101 ## - Língua de publicação
Língua do texto, banda sonora, etc. Português
Língua do documento no original Inglês
102 ## - Pais de publicação ou produção
País de publicação Portugal
200 1# - Titulo e menção de responsabilidade
Título próprio O incrível rapaz que comia livros
Primeira menção de responsabilidade Oliver Jeffers
Outras menções de responsabilidade trad. Rui Lopes
205 ## - Menção da edição
Menção da edição 7.ª
210 ## - Publicação, Distribuição, etc. 
Lugar da edição, distribuição, etc. Lisboa
Nome do editor, distribuidor, etc. Orfeu Negro
Data da publicação, distribuição, etc. 2022
215 ## - Descrição física 
Indicação específica da natureza do documento e extensão da espécie [31] p.
Outras indicações físicas il., color.
225 1# - Colecção 
Título próprio da colecção Orfeu Mini
330 ## - Sumário ou Resumo
Texto da nota O Henrique adorava livros. Mas não exatamente como nós adoramos livros… Um dia, assim por acaso, o Henrique descobre esta estranha paixão, que se transforma numa mania constante e deliciosa! E eis a parte melhor: quanto mais livros devora, mais esperto fica. O Henrique sonha tornar-se a pessoa mais esperta do mundo. Até que um dia as coisas começam a correr mal…
510 1# - Título paralelo
Título paralelo The Incredible Book Eating Boy
675 ## - Classificação Decimal Universal (CDU)
Notação 821-3
Edição 3ª ed.
Língua da edição por
700 #1 - Nome de autor-pessoa física (responsabilidade principal)
Código de função Autor / Co-autor
-- Ilustrador / Técnico de desenho computorizado
Palavra de ordem Jeffers
Outra parte do nome não tomada para palavra de ordem Oliver
702 #1 - Nome de autor-pessoa física (responsabilidade secundária)
Palavra de ordem Lopes
Outra parte do nome não tomada para palavra de ordem Rui
942 ## - Elementos de entrada adicionados (Koha)
Tipo de item no Koha Livro
990 ## - Elementos KOHA
Koha item type Livro
994 ## - Estado da catalogação
Situação NOVO
Exemplares
Situação do levantamento Origin of item (home branch) (coded) Biblioteca de empréstimo Lending or holding organisation (holding branch) code Código de barras Cota Circulation type (not for loan) Tipo de documento Damaged status
  Biblioteca Escolar da Coca Maravilhas Biblioteca Escolar da Coca Maravilhas Biblioteca Escolar da Coca Maravilhas BECM20255 8C JEF   Livro